000 01502cam a2200349 a 4500
999 _c232890
_d232890
001 14717426
003 Nust
005 20170224120049.0
008 070130s2007 nyub 000 1 eng
010 _a 2007004079
020 _a9780525949947 (hbk.)
020 _a0525949941 (hbk.)
035 _a(OCoLC)ocm81252750
035 _a(OCoLC)81252750
040 _aDLC
_cDLC
_dBAKER
_dVPL
_dC#P
_dBTCTA
_dYDXCP
_dVP@
_dAKD
_dIXA
_dDLC
041 1 _aeng
_hspa
050 0 0 _aPQ6707.O54
_bE8713 2007
082 0 0 _a863.7
_bJUR
100 1 _aGómez-Jurado, Juan.
240 1 0 _aEspía de Dios.
_lEnglish
245 1 0 _aGod's spy /
_cJuan Gómez-Jurado ; translated by James Graham.
260 _aNew York :
_bDutton,
_c2007.
300 _a358 p. :
_bmap ;
_c24 cm.
650 0 _aDetective and mystery stories.
650 0 _aDicanti, Paola (Fictitious character)
_vFiction.
650 0 _aFowler, Anthony (Fictitious character)
_vFiction.
650 0 _aMurder
_vFiction.
700 1 _aGraham, James,
_d1955-
856 4 2 _3Contributor biographical information
_uhttp://www.loc.gov/catdir/enhancements/fy0745/2007004079-b.html
856 4 2 _3Publisher description
_uhttp://www.loc.gov/catdir/enhancements/fy0745/2007004079-d.html
906 _a7
_bcbc
_corignew
_d1
_eecip
_f20
_gy-gencatlg
942 _2ddc
_cBK